00626nam a2200169 a 450000500170000000800410001702000180005805000290007610000180010524501240012326000600024730000290030752100090033665000390034565000400038465000320042420140310183535.0111014s19uu xx 00 eng d a9781422123119 aHF 5549.2.U5 b.H49 2010 aHeymann, Jody aProfit at the bottom of the ladder :bcreating value by investing in your workforce /cJody Heymann with Magda Barrera. aBoston, Massachusetts :bHarvard Business Press,c2010. a268 p. :bill. ;c25 cm. aBSBA aPersonnel mangementxUnited States aQuality of work lifexUnited States aMinimum wagexUnited States